Statistics for Top 10 Biggest Cities In Vermont

Click here to take the quiz!

General Stats

  • This quiz has been taken 5 times
    (3 since last reset)
  • The average score is 4 of 10

Answer Stats

HintAnswer% Correct
44,743Burlington
100%
15,807Rutland
100%
15,333Bennington
67%
20,292South Burlington
67%
12,184Brattleboro
33%
17,524Colchester
0%
22,094Essex
0%
10,590Essex Junction
0%
10,686Hartford
0%
10,723Milton
0%

Score Distribution

Percentile by Number Answered

Percent of People with Each Score

Your Score History

You have not taken this quiz since the last reset